Nosič predmetov, najmä fiaš. B65D 75/06 patentové spisy

Podrobná bibliografia
Hlavný autor: Le Bras, Philippe (Autor)
Médium: Kniha
Jazyk:neznámy jazyk
Vydavateľské údaje: Banská Bystrica Úrad priemyselného vlastníctva SR 2003
Predmet:

MARC

LEADER 00000nam a2200000 a 4500
001 vtls001462183
003 SK-MaSNL
005 20260301014202.0
008 240314s2003 xo 0 und
035 |a SNK000417490 
040 |a SNK  |b slo  |c SNK  |e AACR2 
044 |a xo  |c SK 
100 1 |a Le Bras, Philippe  |4 aut  |9 302046 
245 1 0 |a Nosič predmetov, najmä fiaš. B65D 75/06  |b patentové spisy 
260 |a Banská Bystrica  |b Úrad priemyselného vlastníctva SR  |c 2003 
655 7 |a patentové spisy  |2 SNK  |9 63387 
999 |c 558016  |d 559946 
952 |t P60, <03>, [BOOK], {603}  |a SNK  |b SNK  |y PREZ  |7 0  |p 17A0401757  |o snkSK 283317  |i snkPS 546/2003  |0 0  |1 0  |4 0  |d 2003-10-28  |l 0  |r 2005-01-02 00:00:00  |w 2026-02-23